Every Song by Staind - Statistics

General Stats
  • This quiz has been taken 10 times
    7 since last reset
  • The average score is 35 of 104
Answer Stats
Album Song % Correct
Break the Cycle(2001) It's Been Awhile
100%
Dysfunction(1999) Mudshovel
86%
Break the Cycle(2001) Outside
86%
14 Shades of Grey(2003) So Far Away
86%
The Illusion of Progress(2008) Believe
71%
Confessions of the Fallen(2023) Lowest in Me
71%
The Illusion of Progress(2008) All I Want
57%
Tormented(1996) Break
57%
Chapter V(2005) Everything Changes
57%
Dysfunction(1999) Home
57%
Chapter V(2005) Please
57%
Chapter V(2005) Reply
57%
Chapter V(2005) Right Here
57%
The Illusion of Progress(2008) Tangled Up in You
57%
14 Shades of Grey(2003) Zoe Jane
57%
Confessions of the Fallen(2023) Confessions of the Fallen
43%
Chapter V(2005) Falling
43%
14 Shades of Grey(2003) Falling Down
43%
14 Shades of Grey(2003) Intro
43%
Break the Cycle(2001) Open Your Eyes
43%
Break the Cycle(2001) Pressure
43%
The Illusion of Progress(2008) Raining Again
43%
Break the Cycle(2001) Warm Safe Place
43%
Break the Cycle(2001) Waste
43%
Dysfunction(1999) A Flat
29%
Confessions of the Fallen(2023) Better Days
29%
14 Shades of Grey(2003) Blow Away
29%
The Illusion of Progress(2008) Break Away
29%
Break the Cycle(2001) Can't Believe
29%
Break the Cycle(2001) Change
29%
Tormented(1996) Come Again
29%
14 Shades of Grey(2003) Could It Be
29%
Dysfunction(1999) Crawl
29%
Chapter V(2005) Cross to Bear
29%
Confessions of the Fallen(2023) Cycle of Hurting
29%
Chapter V(2005) Devil
29%
Break the Cycle(2001) Epiphany
29%
Dysfunction(Hidden)(1999) Excess Baggage
29%
Staind(2011) Eyes Wide Open
29%
Break the Cycle(2001) Fade
29%
Staind(2011) Failing
29%
14 Shades of Grey(2003) Fill Me Up
29%
Break the Cycle(2001) For You
29%
Tormented(1996) Four Walls
29%
14 Shades of Grey(2003) Fray
29%
Tormented(1996) Funeral
29%
Confessions of the Fallen(2023) Hate Me Too
29%
Confessions of the Fallen(2023) Here and Now
29%
14 Shades of Grey(2003) How About You
29%
Confessions of the Fallen(2023) In This Condition
29%
Dysfunction(1999) Just Go
29%
Chapter V(2005) King of All Excuses
29%
14 Shades of Grey(2003) Layne
29%
The Illusion of Progress(2008) Lost Along the Way
29%
Dysfunction(1999) Me
29%
Tormented(1996) Mudshuvel
29%
Tormented(1996) Nameless
29%
Tormented(1996) No One's Kind
29%
Staind(2011) Not Again
29%
The Illusion of Progress(2008) Nothing Left to Say
29%
Staind(2011) Now
29%
Confessions of the Fallen(2023) Out of Time
29%
Tormented(1996) Painful
29%
Chapter V(2005) Paper Jesus
29%
Staind(2011) Paper Wings
29%
The Illusion of Progress(2008) Pardon Me
29%
14 Shades of Grey(2003) Price to Play
29%
Tormented(1996) Question?
29%
The Illusion of Progress(2008) Rainy Day Parade
29%
Dysfunction(1999) Raw
29%
14 Shades of Grey(2003) Reality
29%
Chapter V(2005) Run Away
29%
The Illusion of Progress(2008) Save Me
29%
Chapter V(2005) Schizophrenic Conversations
29%
Tormented(1996) See Thru
29%
Tormented(1996) Self Destruct
29%
Staind(2011) Something to Remind You
29%
Dysfunction(1999) Spleen
29%
Break the Cycle(2001) Suffer
29%
Dysfunction(1999) Suffocate
29%
Staind(2011) Take a Breath
29%
Break the Cycle(2001) Take It
29%
Chapter V(2005) Take This
29%
Staind(2011) The Bottom
29%
The Illusion of Progress(2008) The Corner
29%
Confessions of the Fallen(2023) The Fray
29%
The Illusion of Progress(2008) The Way I Am
29%
The Illusion of Progress(2008) This is It
29%
Staind(2011) Throw It All Away
29%
Tormented(1996) Tolerate
29%
14 Shades of Grey(2003) Tonight
29%
Staind(2011) Wannabe
29%
Confessions of the Fallen(2023) Was Any of It Real?
29%
14 Shades of Grey(2003) Yesterday
29%
14 Shades of Grey(Bonus)(2003) | Chapter V(Bonus)(2005) Let It Out
14%
14 Shades of Grey(Bonus)(2003) | Chapter V(Bonus)(2005) Novocaine
14%
Chapter V(Bonus)(2005) Open Wide
14%
Tormented(1996) Silence
14%
Chapter V(Bonus)(2005) Something Like Me
14%
Chapter V(Bonus)(2005) The Truth
14%
Chapter V(Bonus)(2005) This is Beetle
14%
The Singles: 1996–2006(2006) Price to Pay
0%
No matching quizzes found
Score Distribution
Percent of People with Each Score
Percentile by Number Answered
Your Score History
You have not taken this quiz since the last reset